Statistics for Countries by Area - 4 by 4

Click here to take the quiz!

General Stats

  • This quiz has been taken 14 times
  • The average score is 29 of 49

Answers on the Map

Answers color-coded by a green-red scale on the quiz's map according to % correct below.
 

Answer Stats

#pays% Correct
5-8Brazil | Australia | India | Argentina
100%
25-28Colombia | Ethiopia | Bolivia | Mauritania
100%
9-12
Kazakhstan | Algeria | D.R. Congo |
Saudi Arabia
100%
17-20Iran | Mongolia | Peru | Chad
100%
13-16Mexico | Indonesia | Sudan | Libya
100%
21-24Niger | Angola | Mali | South Africa
100%
1-4Russia | Canada | China | United States
100%
45-48Ukraine | Madagascar | Botswana | Kenya
100%
37-40Chile | Zambia | Myanmar | Afghanistan
92%
41-44
France | Somalia |
Central African Republic | South Sudan
92%
29-32Egypt | Tanzania | Nigeria | Venezuela
92%
33-36Pakistan | Namibia | Mozambique | Turkey
92%
49-52Yemen | Thailand | Spain | Turkmenistan
92%
53-56
Cameroon | Papua New Guinea |
Sweden | Uzbekistan
83%
61-64
Japan | Germany | Philippines | Republic of the Congo
83%
69-72Ivory Coast | Poland | Oman | Italy
83%
57-60Morocco | Iraq | Paraguay | Zimbabwe
83%
65-68Finland | Vietnam | Malaysia | Norway
75%
73-76Ecuador | Burkina Faso | New Zealand | Gabon
67%
77-80Guinea | United Kingdom | Uganda | Ghana
67%
85-88Kyrgyzstan | Senegal | Syria | Cambodia
67%
93-96Nepal | Tajikistan | Greece | Nicaragua
67%
81-84Romania | Laos | Guyana | Belarus
67%
89-92Uruguay | Suriname | Tunisia | Bangladesh
67%
113-116
Austria | United Arab Emirates |
Czech Republic | Panama
58%
105-108Guatemala | Iceland | South Korea | Hungary
58%
101-104Honduras | Liberia | Bulgaria | Cuba
58%
97-100North Korea | Malawi | Eritrea | Benin
58%
109-112Portugal | Jordan | Serbia | Azerbaijan
58%
121-124Lithuania | Latvia | Togo | Croatia
50%
117-120Sierra Leone | Ireland | Georgia | Sri Lanka
50%
125-128
Bosnia and Herzegovina | Costa Rica |
Slovakia | Dominican Republic
42%
193-196Tuvalu | Nauru | Monaco | Vatican City
42%
133-136Bhutan | Taiwan | Guinea-Bissau | Moldova
33%
129-132Estonia | Denmark | Netherlands | Switzerland
33%
141-144Albania | Equatorial Guinea | Burundi | Haiti
25%
137-140Belgium | Lesotho | Armenia | Solomon Islands
25%
149-152El Salvador | Israel | Slovenia | Fiji
25%
161-164Jamaica | Kosovo | Lebanon | Cyprus
25%
173-176Kiribati | Bahrain | Dominica | Tonga
25%
153-156Kuwait | Eswatini | East Timor | Bahamas
25%
157-160Montenegro | Vanuatu | Qatar | Gambia
25%
181-184Palau | Seychelles | Antigua and Barbuda | Barbados
25%
145-148Rwanda | North Macedonia | Djibouti | Belize
25%
165-168
Brunei | Trinidad and Tobago | Cape Verde | Samoa
17%
169-172
Luxembourg | Mauritius | Comoros |
São Tomé and Principe
17%
189-192
Saint Kitts and Nevis | Marshall Islands |
Liechtenstein | San Marino
17%
185-188
Saint Vincent and the Grenadines | Grenada |
Malta | Maldives
17%
177-180Singapore | F.S. Micronesia | Saint Lucia | Andorra
17%

Score Distribution

Percentile by Number Answered

Percent of People with Each Score

Your Score History

You have not taken this quiz